Top 15 dei paesi con decessi Covid-19 - 26 mar 2021 - Statistics

Statistiche generali
  • Questo quiz è stato fatto 3 volte
  • Il punteggio medio è 15 su 25
Statistiche sulle risposte
paese % Corretto
Argentina
100%
Brasile
100%
Francia
100%
Germania
100%
Italia
100%
Russia
100%
Stati Uniti
100%
Bulgaria
67%
Cechia
67%
India
67%
Iran
67%
Messico
67%
Polonia
67%
Portogallo
67%
Regno Unito
67%
Spagna
67%
Ungheria
67%
Belgio
33%
Bosnia ed Erzegovina
33%
Colombia
33%
Perù
33%
Slovenia
33%
Macedonia del Nord
0%
Slovacchia
0%
Sudafrica
0%
Nessun quiz corrispondente trovato
Distribuzione punteggi
Percentuale di utenti per punteggio
Percentile per numero di risposta
I tuoi punteggi nel tempo
Non hai fatto questo quiz